[Event "Titled Tuesday intern op 13th Apr"]
[Site "Chess.com INT"]
[Date "2021.04.13"]
[Round "2"]
[White "Leto, Enzo"]
[Black "Castaneda Jimenez, Jhon David"]
[Result "0-1"]
[WhiteElo "2137"]
[BlackElo "2161"]
[PlyCount "86"]
[EventDate "2021.04.13"]
[EventType "swiss (blitz)"]
[EventRounds "11"]
[EventCountry "USA"]
[SourceTitle "CBM 201 Extra"]
[Source "ChessBase"]
[SourceDate "2021.05.31"]
[SourceVersion "1"]
[SourceVersionDate "2021.05.31"]
[SourceQuality "1"]

1. Nf3 d5 2. b3 Bf5 3. Bb2 e6 4. e3 Nf6 5. Be2 Bd6 6. 0-0 Nbd7 7. d4 h6 8. c4 c6 9. Nc3 Ne4 10. Bd3 Ndf6 11. Qe2 Bb4 12. Rac1 Qa5 13. Bxe4 Nxe4 14. Nxe4 dxe4 15. Ne5 Qxa2 16. g4 Bh7 17. c5 Qxb3 18. Rb1 Qd5 19. Ba1 a5 20. Nc4 Qd8 21. Nd6+ Kf8 22. Nxb7 Qg5 23. Kh1 Bg6 24. Nd6 Qh4 25. Rg1 Kg8 26. Rbc1 Kh7 27. Nc4 f5 28. Ne5 Be8 29. Rg3 Rf8 30. Rcg1 f4 31. exf4 Rxf4 32. Qe3 Qf6 33. Kg2 g5 34. f3 Bg6 35. fxe4 Bxe4+ 36. Kh3 Ra7 37. Bb2 a4 38. Bc1 a3 39. Qb3 a2 40. Bb2 Bd2 41. Ba1 Rf2 42. Qb8 Rg7 43. Nd7 Rxd7 0-1

[Event "Titled Tuesday intern op 21st April"]
[Site "Chess.com INT"]
[Date "2020.04.21"]
[Round "4"]
[White "Leto, Enzo"]
[Black "Kazmaier, Daniel"]
[Result "1/2-1/2"]
[WhiteElo "2137"]
[BlackElo "2171"]
[PlyCount "88"]
[EventDate "2020.04.21"]
[EventType "swiss (blitz)"]
[EventRounds "10"]
[EventCountry "USA"]
[SourceTitle "EXT 2021"]
[Source "ChessBase"]
[SourceDate "2020.10.23"]
[SourceVersion "1"]
[SourceVersionDate "2020.10.23"]
[SourceQuality "1"]

1. d4 d6 2. Nf3 f5 3. g3 Nf6 4. Bg2 g6 5. 0-0 Bg7 6. c4 0-0 7. Nc3 Nc6 8. d5 Na5 9. Qd3 c5 10. Bg5 a6 11. a4 Rb8 12. Nd2 Bd7 13. e4 h6 14. Bxf6 exf6 15. f4 fxe4 16. Ndxe4 Bf5 17. Rfe1 Nb3 18. Rad1 Nd4 19. Ne2 Bxe4 20. Bxe4 f5 21. Bg2 Qa5 22. Nxd4 Bxd4+ 23. Kh1 Qxa4 24. b3 Qd7 25. Re6 Rf6 26. Rde1 Kf7 27. Qe2 Kg8 28. Re7 Qd8 29. h4 h5 30. Bf3 Rf7 31. Qe6 Qxe7 32. Qxe7 Rxe7 33. Rxe7 b5 34. Be2 bxc4 35. Bxc4 Rb6 36. Kg2 Bf6 37. Ra7 Kf8 38. Kf3 Be7 39. Ke2 Bf6 40. Kd3 Be7 41. Ke2 Bf6 42. Kf3 Be7 43. Rc7 Bd8 44. Ra7 Be7 1/2-1/2

[Event "Titled Tuesday intern op 21st April"]
[Site "Chess.com INT"]
[Date "2020.04.21"]
[Round "2"]
[White "Leto, Enzo"]
[Black "Klenburg, Mikhail"]
[Result "0-1"]
[WhiteElo "2137"]
[BlackElo "2346"]
[PlyCount "108"]
[EventDate "2020.04.21"]
[EventType "swiss (blitz)"]
[EventRounds "10"]
[EventCountry "USA"]
[SourceTitle "EXT 2021"]
[Source "ChessBase"]
[SourceDate "2020.10.23"]
[SourceVersion "1"]
[SourceVersionDate "2020.10.23"]
[SourceQuality "1"]

1. d4 d6 2. Nf3 Nf6 3. g3 g6 4. Bg2 Bg7 5. 0-0 0-0 6. c4 Nbd7 7. Nc3 e5 8. e4 c6 9. h3 a5 10. dxe5 dxe5 11. Qd6 Ne8 12. Qd2 Nc7 13. Rd1 Ne6 14. Qd6 Re8 15. Be3 Bf8 16. Qd2 Qc7 17. Ng5 Ndc5 18. Nxe6 Nxe6 19. h4 Bg7 20. Qd6 Qxd6 21. Rxd6 Nd4 22. Bxd4 exd4 23. Ne2 Be5 24. Rxd4 Bxd4 25. Nxd4 Rd8 26. Nf3 Be6 27. b3 a4 28. Rb1 axb3 29. axb3 Ra2 30. Bf1 h6 31. b4 Bg4 32. Ne5 Be6 33. Nf3 f6 34. b5 c5 35. b6 Bg4 36. Nh2 h5 37. Nxg4 hxg4 38. e5 f5 39. Bg2 Rd7 40. Bd5+ Kg7 41. Rb5 Ra6 42. Kg2 Re7 43. e6 Kf6 44. Rxc5 Rxb6 45. Rc8 Rb2 46. Rf8+ Ke5 47. Rf7 Re8 48. Bxb7 Rxe6 49. Bd5 Ra6 50. Re7+ Kd4 51. Rg7 Raa2 52. Rxg6 Rxf2+ 53. Kg1 Rfb2 54. Bg2 Rxg2+ 0-1

[Event "Titled Tuesday intern op 7th April"]
[Site "Chess.com INT"]
[Date "2020.04.07"]
[Round "1"]
[White "Skatchkov, Valery"]
[Black "Leto, Enzo"]
[Result "1-0"]
[WhiteElo "2242"]
[BlackElo "2137"]
[PlyCount "81"]
[EventDate "2020.04.07"]
[EventType "swiss (blitz)"]
[EventRounds "10"]
[EventCountry "USA"]
[SourceTitle "EXT 2021"]
[Source "ChessBase"]
[SourceDate "2020.10.23"]
[SourceVersion "1"]
[SourceVersionDate "2020.10.23"]
[SourceQuality "1"]

1. d4 Nf6 2. c4 c5 3. d5 b5 4. Nf3 g6 5. cxb5 a6 6. bxa6 Bg7 7. Nc3 0-0 8. g3 d6 9. Bg2 Bxa6 10. Rb1 Nbd7 11. 0-0 Ra7 12. b3 Qa8 13. a4 Rb8 14. Bb2 Ne8 15. Ba1 Rab7 16. Nd2 c4 17. bxc4 Rxb1 18. Ndxb1 Bxc4 19. Nd2 Ba6 20. Qc2 Rc8 21. Bf3 Ne5 22. Bg2 Nd7 23. Re1 Qb8 24. Ndb1 Qb4 25. Qb2 Bxc3 26. Nxc3 Qc4 27. e3 Ne5 28. Bf1 Nd3 29. Qd2 Rb8 30. Rd1 Rc8 31. Bxd3 Qxd3 32. Qxd3 Bxd3 33. Rxd3 Nf6 34. Rd4 Ra8 35. Rb4 Kf8 36. Nb5 Nxd5 37. Rc4 Nb6 38. Rh4 Nxa4 39. Rxh7 e6 40. Bf6 Kg8 41. Rh8# 1-0

[Event "ARG-ch U18"]
[Site "Buenos Aires"]
[Date "2019.03.01"]
[Round "1.3"]
[White "Fernandez, Mauricio"]
[Black "Leto, Enzo"]
[Result "1/2-1/2"]
[WhiteElo "1624"]
[BlackElo "2214"]
[PlyCount "51"]
[EventDate "2019.03.01"]
[EventType "swiss"]
[EventRounds "9"]
[EventCountry "ARG"]
[SourceTitle "EXT 2024"]
[Source "ChessBase"]
[SourceDate "2023.10.10"]
[SourceVersion "1"]
[SourceVersionDate "2023.10.10"]
[SourceQuality "1"]

1. e4 e6 2. d4 d5 3. Nd2 Nf6 4. Bd3 c5 5. c3 cxd4 6. cxd4 dxe4 7. Nxe4 Bb4+ 8. Nc3 Nc6 9. Nf3 0-0 10. 0-0 b6 11. Bg5 Be7 12. a3 h6 13. Be3 Bb7 14. Qd2 Re8 15. Rad1 Rc8 16. Ne5 Bf8 17. f4 Nd5 18. Nxd5 Qxd5 19. Bc4 Qd6 20. Qf2 Ne7 21. f5 Nxf5 22. Nxf7 Qc6 23. Ne5 Qe4 24. Bc1 Rxc4 25. Nxc4 Rc8 26. Rfe1 1/2-1/2

[Event "Titled Tuesday intern op 2nd Febr"]
[Site "Chess.com INT"]
[Date "2019.02.05"]
[Round "3"]
[White "Fajdetic, Hrvoje"]
[Black "Leto, Enzo"]
[Result "1-0"]
[WhiteElo "2129"]
[BlackElo "2214"]
[PlyCount "129"]
[EventDate "2019.02.05"]
[EventType "swiss (blitz)"]
[EventRounds "10"]
[EventCountry "USA"]
[SourceTitle "EXT 2021"]
[Source "ChessBase"]
[SourceDate "2020.10.23"]
[SourceVersion "1"]
[SourceVersionDate "2020.10.23"]
[SourceQuality "1"]

1. d4 Nf6 2. Bf4 g6 3. Nc3 Bg7 4. e4 d6 5. Qd2 Nbd7 6. 0-0-0 c5 7. d5 a6 8. Bh6 Bxh6 9. Qxh6 b5 10. f3 b4 11. Na4 a5 12. Bb5 Ba6 13. Bxd7+ Nxd7 14. Qg7 Rf8 15. e5 Nxe5 16. Nxc5 Bc4 17. b3 Bb5 18. Nh3 Qc7 19. f4 Ng4 20. Ne4 Ne3 21. Rd2 Bd3 22. Nf6+ exf6 23. Re1 Kd7 24. Rxe3 Bf5 25. Qxf6 Rae8 26. Rxe8 Rxe8 27. Qxf7+ Re7 28. Qf6 Re1+ 29. Kb2 a4 30. bxa4 Qc5 31. Ng5 Rd1 32. Qf7+ Kd8 33. Ne6+ Bxe6 34. Qf6+ Kc7 35. Rxd1 Bxd5 36. Qe7+ Kc6 37. Qf6 Be4 38. Rd2 Bf5 39. Qd4 Qa5 40. c3 bxc3+ 41. Qxc3+ Qxc3+ 42. Kxc3 Kc5 43. Rb2 d5 44. a5 d4+ 45. Kd2 Be4 46. a6 Bxg2 47. a7 g5 48. Rb8 gxf4 49. a8Q Bxa8 50. Rxa8 f3 51. Rf8 Kb4 52. Rxf3 Kc4 53. Rb3 h5 54. Rb1 h4 55. a4 h3 56. a5 d3 57. a6 Kd4 58. a7 Kc4 59. a8Q Kd4 60. Qf3 Kc4 61. Qxh3 Kd4 62. Qxd3+ Kc5 63. Rb5+ Kc6 64. Qd5+ Kc7 65. Rb7+ 1-0

[Event "Titled Tuesday intern op 2nd Febr"]
[Site "Chess.com INT"]
[Date "2019.02.05"]
[Round "1"]
[White "Leto, Enzo"]
[Black "Riff, Vincent"]
[Result "0-1"]
[WhiteElo "2214"]
[BlackElo "2399"]
[PlyCount "100"]
[EventDate "2019.02.05"]
[EventType "swiss (blitz)"]
[EventRounds "10"]
[EventCountry "USA"]
[SourceTitle "EXT 2021"]
[Source "ChessBase"]
[SourceDate "2020.10.23"]
[SourceVersion "1"]
[SourceVersionDate "2020.10.23"]
[SourceQuality "1"]

1. d4 Nf6 2. c4 c5 3. d5 e5 4. Nc3 d6 5. e4 Be7 6. Be2 Nbd7 7. Nf3 Nf8 8. 0-0 Ng6 9. a3 h5 10. b4 b6 11. Bg5 h4 12. Qd2 Nh5 13. Bxe7 Qxe7 14. Qg5 Nhf4 15. Qxe7+ Kxe7 16. Rfe1 Bg4 17. Rab1 Nxe2+ 18. Nxe2 Bxf3 19. gxf3 cxb4 20. axb4 Rac8 21. Ra1 Rc7 22. Rec1 h3 23. Kf1 Rhc8 24. Ng3 Nh4 25. Ke2 Kf6 26. Nh5+ Kg6 27. Ng3 Ng2 28. Nf5 Nf4+ 29. Kd2 Rd7 30. Rg1+ Ng2 31. Nh4+ Kf6 32. Nxg2 hxg2 33. Kd3 Rdc7 34. Rac1 b5 35. c5 dxc5 36. bxc5 Rxc5 37. Rxc5 Rxc5 38. Rxg2 b4 39. Rg1 a5 40. h4 a4 41. Ra1 a3 42. h5 Rc3+ 43. Kd2 Rxf3 44. Kc2 b3+ 45. Kd2 b2 46. Rh1 a2 47. h6 gxh6 48. Rxh6+ Kg7 49. d6 b1Q 50. d7 Rd3+ 0-1

[Event "Titled Tuesday intern op 2nd Febr"]
[Site "Chess.com INT"]
[Date "2019.02.05"]
[Round "4"]
[White "Leto, Enzo"]
[Black "Sanchez Alarcon, Juan"]
[Result "1-0"]
[WhiteElo "2214"]
[BlackElo "2181"]
[PlyCount "79"]
[EventDate "2019.02.05"]
[EventType "swiss (blitz)"]
[EventRounds "10"]
[EventCountry "USA"]
[SourceTitle "EXT 2021"]
[Source "ChessBase"]
[SourceDate "2020.10.23"]
[SourceVersion "1"]
[SourceVersionDate "2020.10.23"]
[SourceQuality "1"]

1. d4 Nf6 2. c4 g6 3. Nc3 Bg7 4. g3 d6 5. Bg2 0-0 6. Nf3 Nbd7 7. 0-0 e5 8. h3 c6 9. e4 Qb6 10. c5 dxc5 11. dxe5 Ne8 12. e6 fxe6 13. Ng5 Nc7 14. f4 c4+ 15. Kh2 Nc5 16. e5 Nd3 17. Nce4 Ne8 18. Qc2 Qa6 19. Rd1 b5 20. Be3 Nb4 21. Qd2 Nd5 22. Bc5 Bd7 23. Bxf8 Bxf8 24. h4 Qb6 25. h5 Be7 26. hxg6 hxg6 27. Bh3 Nec7 28. Nf6+ Bxf6 29. exf6 Nxf6 30. Qc2 Kg7 31. Rd6 Re8 32. Rad1 Ncd5 33. R1xd5 exd5 34. Bxd7 Rh8+ 35. Kg2 Qe3 36. Bxc6 d4 37. Ne6+ Kf7 38. Nxd4 Ng4 39. Qxg6+ Ke7 40. Rd7+ 1-0

[Event "Buenos Aires Finde Largo op 2nd"]
[Site "Buenos Aires"]
[Date "2018.10.15"]
[Round "5.3"]
[White "Leto, Enzo"]
[Black "Martinez, Mariano"]
[Result "1-0"]
[WhiteElo "2229"]
[BlackElo "2107"]
[PlyCount "57"]
[EventDate "2018.10.13"]
[EventType "swiss"]
[EventRounds "6"]
[EventCountry "ARG"]
[SourceTitle "EXT 2024"]
[Source "ChessBase"]
[SourceDate "2023.10.10"]
[SourceVersion "1"]
[SourceVersionDate "2023.10.10"]
[SourceQuality "1"]

1. d4 f5 2. g3 Nf6 3. Bg2 g6 4. c4 Bg7 5. b4 0-0 6. Bb2 c6 7. Nf3 d6 8. 0-0 Na6 9. Qb3 Nc7 10. Nbd2 Kh8 11. a4 Qe8 12. b5 h6 13. Rfe1 g5 14. e4 fxe4 15. Nxe4 Nxe4 16. Rxe4 Bf5 17. Re3 Qf7 18. Rae1 Bf6 19. Nd2 Ne6 20. d5 Nc5 21. Qa2 Rfe8 22. Ne4 Nxe4 23. Bxe4 Bxe4 24. Rxe4 cxd5 25. cxd5 Kg8 26. Re6 Bg7 27. Bxg7 Qxg7 28. Qe2 Qd4 29. Rxh6 1-0

[Event "ARG-ch sf 93rd"]
[Site "Buenos Aires"]
[Date "2018.05.26"]
[Round "8"]
[White "Leto, Enzo"]
[Black "Spata, German"]
[Result "0-1"]
[WhiteElo "2160"]
[BlackElo "2321"]
[PlyCount "140"]
[EventDate "2018.05.19"]
[EventType "swiss"]
[EventRounds "9"]
[EventCountry "ARG"]
[SourceTitle "CBM 184 Extra"]
[Source "ChessBase"]
[SourceDate "2018.06.28"]
[SourceVersion "1"]
[SourceVersionDate "2018.06.28"]
[SourceQuality "1"]

1. d4 d5 2. c4 c6 3. Nf3 Nf6 4. g3 Bf5 5. Nc3 e6 6. Nh4 Bg6 7. Qb3 Qb6 8. Nxg6 hxg6 9. c5 Qc7 10. Bf4 Qc8 11. Bg2 Be7 12. e4 dxe4 13. Nxe4 Nxe4 14. Bxe4 Nd7 15. 0-0-0 Nf6 16. Bc2 0-0 17. h4 b6 18. Qd3 bxc5 19. Be5 c4 20. Qxc4 Qb7 21. Qe2 Qb5 22. Rhe1 Qxe2 23. Rxe2 Nd5 24. Rh1 Bf6 25. Bxf6 gxf6 26. f4 Kg7 27. Bb3 Ne7 28. Rc2 Rad8 29. Rd1 Rd6 30. Rc4 Nf5 31. Ra4 Rd7 32. g4 Nxh4 33. Ra6 Nf3 34. Rxc6 Nxd4 35. Rc4 Rfd8 36. Re1 Nxb3+ 37. axb3 Rd3 38. Rc7 R8d7 39. Kc2 R3d6 40. Rxd7 Rxd7 41. Kc3 Rc7+ 42. Kb4 Rb7+ 43. Kc4 Rc7+ 44. Kb4 Rc6 45. Kb5 Rb6+ 46. Kc4 f5 47. gxf5 gxf5 48. Ra1 Rb7 49. b4 f6 50. Re1 Kf7 51. b5 Rc7+ 52. Kd4 Ke7 53. Ra1 Rd7+ 54. Ke3 e5 55. Ra6 Rb7 56. b4 e4 57. Kd4 Rd7+ 58. Ke3 Kf7 59. Ra1 Kg6 60. Rg1+ Kh5 61. Rg8 Rd3+ 62. Ke2 Rb3 63. Rg7 Rxb4 64. Rxa7 Kg4 65. Rb7 Kxf4 66. b6 Rb2+ 67. Kd1 Ke3 68. Kc1 Rb5 69. Rb8 f4 70. b7 f3 0-1

[Event "ARG-ch U18"]
[Site "Villa Martelli"]
[Date "2018.02.12"]
[Round "7.2"]
[White "Leto, Enzo"]
[Black "Ostoich, Mariano Ivan"]
[Result "1/2-1/2"]
[WhiteElo "2082"]
[BlackElo "2068"]
[PlyCount "63"]
[EventDate "2018.02.09"]
[EventType "swiss"]
[EventRounds "9"]
[EventCountry "ARG"]
[SourceTitle "EXT 2024"]
[Source "ChessBase"]
[SourceDate "2023.10.10"]
[SourceVersion "1"]
[SourceVersionDate "2023.10.10"]
[SourceQuality "1"]

1. c4 c5 2. g3 Nf6 3. Bg2 g6 4. Nc3 Bg7 5. Nf3 Nc6 6. d4 cxd4 7. Nxd4 0-0 8. 0-0 Nxd4 9. Qxd4 d6 10. Qd2 Be6 11. b3 Qd7 12. Bb2 Bh3 13. Rac1 Bxg2 14. Kxg2 a6 15. Rfd1 b5 16. Nd5 Nxd5 17. Bxg7 Kxg7 18. Qxd5 bxc4 19. Rxc4 Rfc8 20. Rdc1 Rab8 21. Qd3 Qb7+ 22. Kg1 Kg8 23. Qc3 Rxc4 24. Qxc4 Qb5 25. Qc7 Rb7 26. Qc8+ Kg7 27. Qc3+ Kg8 28. Qd4 Rb8 29. Qa7 Rb7 30. Rc8+ Kg7 31. Qd4+ e5 32. Qxd6 1/2-1/2

[Event "ARG-ch U18"]
[Site "Villa Martelli"]
[Date "2018.02.11"]
[Round "5.1"]
[White "Fernandez Mazzetti, Ignacio"]
[Black "Leto, Enzo"]
[Result "1/2-1/2"]
[WhiteElo "2091"]
[BlackElo "2082"]
[PlyCount "50"]
[EventDate "2018.02.09"]
[EventType "swiss"]
[EventRounds "9"]
[EventCountry "ARG"]
[SourceTitle "EXT 2024"]
[Source "ChessBase"]
[SourceDate "2023.10.10"]
[SourceVersion "1"]
[SourceVersionDate "2023.10.10"]
[SourceQuality "1"]

1. e4 e6 2. d3 d5 3. Qe2 Nc6 4. Nf3 d4 5. g3 e5 6. Bg2 Be7 7. 0-0 Nf6 8. Nbd2 0-0 9. Nc4 Nd7 10. a4 Bf6 11. Ne1 a6 12. a5 Rb8 13. Bh3 Nc5 14. Bxc8 Qxc8 15. f4 b5 16. axb6 cxb6 17. f5 b5 18. Na3 Be7 19. g4 f6 20. Qf2 Kf7 21. Qh4 Rh8 22. Qh5+ g6 23. Qh3 g5 24. Qh5+ Kg7 25. h4 Qe8 1/2-1/2

[Event "ARG-ch U18"]
[Site "Villa Martelli"]
[Date "2018.02.10"]
[Round "4.2"]
[White "Leto, Enzo"]
[Black "Gimenez Aguirre, Ismael Alejo"]
[Result "1-0"]
[WhiteElo "2082"]
[BlackElo "2186"]
[PlyCount "89"]
[EventDate "2018.02.09"]
[EventType "swiss"]
[EventRounds "9"]
[EventCountry "ARG"]
[SourceTitle "EXT 2024"]
[Source "ChessBase"]
[SourceDate "2023.10.10"]
[SourceVersion "1"]
[SourceVersionDate "2023.10.10"]
[SourceQuality "1"]

1. d4 Nf6 2. c4 e6 3. g3 Bb4+ 4. Bd2 Qe7 5. Nf3 b6 6. Bg2 Bb7 7. 0-0 Bxd2 8. Qxd2 0-0 9. Nc3 a5 10. Qf4 Na6 11. e4 Qb4 12. e5 Ne8 13. Qc1 f6 14. a3 Qe7 15. Qe3 c5 16. d5 fxe5 17. Nxe5 Nd6 18. Rfe1 Nf5 19. Qd2 Nd4 20. d6 Qxd6 21. Bxb7 Ra7 22. Bg2 Rf5 23. Nd3 Nb3 24. Qe2 Nd4 25. Qd1 Nc7 26. Ne2 b5 27. Nxd4 Qxd4 28. Re4 Qf6 29. Rc1 d5 30. cxd5 exd5 31. Rf4 c4 32. Rxf5 Qxf5 33. Nf4 Kh8 34. Nxd5 Ne6 35. Nf4 Nf8 36. Qd5 Qf6 37. Qxb5 Rf7 38. Bd5 Rd7 39. Bxc4 Rd2 40. Nd3 Qf3 41. Qd5 Qxd5 42. Bxd5 Rxd3 43. Rc8 Rd1+ 44. Kg2 Rxd5 45. Rxf8# 1-0